| 000 | 00627nam a2200205 a 4500 | ||
|---|---|---|---|
| 005 | 20210219153158.0 | ||
| 008 | 991125n 000 0 u | ||
| 035 | _aUPN01000082433 | ||
| 100 | _aROGERS, Cathryn | ||
| 222 | _aINTERNATIONAL EDUCATION | ||
| 245 | _aIndentifying the needs of overseas students : a monitoring exercise at the University of Southampton : august 1992 | ||
| 300 | _a7-24 | ||
| 362 | _a1992 Vol. 3, no. 3, nov. | ||
| 653 | 0 | _aEDUCACION SUPERIOR | |
| 653 | 0 | _aESTUDIANTES EXTRANJEROS | |
| 653 | 0 | _aGRAN BRETAÑA | |
| 700 | _aSMITH, Peter, coaut. | ||
| 904 |
_aAC _b020244 |
||
| 905 | _aArticulo | ||
| 999 |
_c70330 _d70330 |
||